000
00288nam a22001217a 4500
008
180119b xxu||||| |||| 00| 0 eng d
041
_a
eng
080
_a
72
100
_a
41
101
_a
ark
245
_a
building the bridges across san francisko bay
_c
thomas.d
942
_2
udc
_c
BK
999
_c
40597
_d
40597